[Event "Vicente Lopez ProAm 100 Years op"]
[Site "Buenos Aires"]
[Date "2022.10.15"]
[Round "5"]
[White "Cuberli, Emiliano"]
[Black "Villegas, Franco"]
[Result "0-1"]
[WhiteElo "2105"]
[BlackElo "2299"]
[PlyCount "80"]
[EventDate "2022.10.11"]
[EventType "swiss"]
[EventRounds "9"]
[EventCountry "ARG"]
[SourceTitle "CBM 210 Extra"]
[Source "ChessBase"]
[SourceDate "2022.11.30"]
[SourceVersion "1"]
[SourceVersionDate "2022.11.30"]
[SourceQuality "1"]

1. Nf3 Nf6 2. g3 d5 3. Bg2 c6 4. 0-0 g6 5. c4 Bg7 6. d3 0-0 7. cxd5 cxd5 8. Nc3 Nc6 9. Bf4 d4 10. Na4 Nd5 11. Bd2 e5 12. Rc1 Nde7 13. b4 a6 14. Nc5 Rb8 15. a3 b6 16. Nb3 h6 17. Rc2 Be6 18. Qb1 Qd7 19. Rfc1 Rfc8 20. Be1 Na7 21. Rxc8+ Rxc8 22. Rxc8+ Nexc8 23. Na1 Qa4 24. Qc1 Nb5 25. Nc2 Ne7 26. Bd2 Nd5 27. Nfe1 Kh7 28. Qb2 Ndc3 29. Kf1 e4 30. Qc1 exd3 31. exd3 Qb3 32. h4 Nb1 33. h5 Bf5 34. hxg6+ fxg6 35. a4 Bxd3+ 36. Kg1 N5c3 37. Kh2 Bxc2 38. Nxc2 Ne2 39. Qd1 d3 40. Ne3 Qxd1 0-1

[Event "Vicente Lopez ProAm 100 Years op"]
[Site "Buenos Aires"]
[Date "2022.10.13"]
[Round "3"]
[White "Cuberli, Emiliano"]
[Black "Miranda Fernandez, Marcos Manuel"]
[Result "1-0"]
[WhiteElo "2105"]
[BlackElo "1638"]
[PlyCount "53"]
[EventDate "2022.10.11"]
[EventType "swiss"]
[EventRounds "9"]
[EventCountry "ARG"]
[SourceTitle "CBM 210 Extra"]
[Source "ChessBase"]
[SourceDate "2022.11.30"]
[SourceVersion "1"]
[SourceVersionDate "2022.11.30"]
[SourceQuality "1"]

1. e4 c5 2. b4 cxb4 3. a3 bxa3 4. d4 d6 5. Nf3 Nf6 6. Bd3 g6 7. 0-0 Bg7 8. h3 0-0 9. Nxa3 Nc6 10. c3 b6 11. Qe2 Bb7 12. Re1 Rc8 13. Bd2 Re8 14. e5 dxe5 15. dxe5 Nd5 16. e6 f6 17. h4 Rf8 18. h5 g5 19. Nb5 a6 20. Na3 b5 21. Rad1 Qd6 22. c4 Qxa3 23. cxd5 Nb4 24. Bxh7+ Kxh7 25. Qe4+ Kg8 26. Bxb4 Qb3 27. Qg6 1-0

[Event "ARG-ch sf 95th"]
[Site "Buenos Aires"]
[Date "2020.02.23"]
[Round "2"]
[White "Della Morte, German"]
[Black "Cuberli, Emiliano"]
[Result "1-0"]
[WhiteElo "2369"]
[BlackElo "2147"]
[PlyCount "59"]
[EventDate "2020.02.22"]
[EventType "swiss"]
[EventRounds "9"]
[EventCountry "ARG"]
[SourceTitle "CBM 195 Extra"]
[Source "ChessBase"]
[SourceDate "2020.05.31"]
[SourceVersion "1"]
[SourceVersionDate "2020.05.31"]
[SourceQuality "1"]

1. e4 e5 2. Nf3 Nc6 3. Bb5 a6 4. Ba4 Nf6 5. 0-0 Be7 6. Re1 b5 7. Bb3 d6 8. c3 0-0 9. h3 Na5 10. Bc2 c5 11. d4 Bb7 12. d5 Nc4 13. b3 Nb6 14. a4 Bc8 15. Qd3 Bd7 16. Nxe5 dxe5 17. d6 Bc6 18. dxe7 Qxe7 19. Qe2 Qe6 20. Nd2 g6 21. Qe3 Nbd7 22. Nf3 Nh5 23. Qh6 f6 24. Be3 Qe7 25. h4 Rfd8 26. g4 Qe6 27. gxh5 Qg4+ 28. Kh2 Nf8 29. hxg6 hxg6 30. Rg1 1-0

[Event "Villa Ballester 70th op"]
[Site "Villa Ballester"]
[Date "2020.01.21"]
[Round "5.4"]
[White "Della Morte, German"]
[Black "Cuberli, Emiliano"]
[Result "1/2-1/2"]
[WhiteElo "2369"]
[BlackElo "2147"]
[PlyCount "92"]
[EventDate "2020.01.17"]
[EventType "swiss"]
[EventRounds "9"]
[EventCountry "ARG"]
[SourceTitle "EXT 2024"]
[Source "ChessBase"]
[SourceDate "2023.10.10"]
[SourceVersion "1"]
[SourceVersionDate "2023.10.10"]
[SourceQuality "1"]

1. e4 e5 2. Nf3 Nc6 3. Bb5 a6 4. Ba4 d6 5. 0-0 Nf6 6. Re1 b5 7. Bb3 h6 8. c3 g6 9. d4 Bd7 10. Bd5 Qe7 11. a4 bxa4 12. Rxa4 Bg7 13. Rc4 Nxd5 14. exd5 Na5 15. Rxc7 Kd8 16. Rxd7+ Qxd7 17. dxe5 dxe5 18. Nxe5 Bxe5 19. Rxe5 Nc4 20. Re1 Re8 21. Rxe8+ Qxe8 22. b3 Nd6 23. Bxh6 Qe4 24. c4 Nf5 25. Bg5+ Kd7 26. Nd2 Qd4 27. b4 f6 28. Be3 Nxe3 29. fxe3 Qxe3+ 30. Kh1 Re8 31. Nf3 Re4 32. Qa4+ Kc7 33. d6+ Kxd6 34. Qxa6+ Ke7 35. Qb7+ Kf8 36. Qb8+ Kg7 37. Qc7+ Re7 38. Qd6 g5 39. Qd1 Qc3 40. h3 Qxc4 41. Qd6 Re6 42. Qd7+ Kg6 43. Qd8 Re2 44. b5 Re3 45. b6 Rb3 46. Nd2 Qc1+ 1/2-1/2

[Event "Buenos Aires Faogba 36th"]
[Site "Buenos Aires"]
[Date "2019.11.07"]
[Round "1.5"]
[White "Cuberli, Emiliano"]
[Black "Bascher, Jorge"]
[Result "1-0"]
[WhiteElo "2147"]
[BlackElo "1645"]
[PlyCount "41"]
[EventDate "2019.11.07"]
[EventType "swiss"]
[EventRounds "7"]
[EventCountry "ARG"]
[SourceTitle "EXT 2024"]
[Source "ChessBase"]
[SourceDate "2023.10.10"]
[SourceVersion "1"]
[SourceVersionDate "2023.10.10"]
[SourceQuality "1"]

1. e4 d5 2. exd5 Qxd5 3. Nc3 Qd6 4. Nf3 Bg4 5. Bc4 c6 6. Bxf7+ Kd8 7. d4 Bxf3 8. Qxf3 Qxd4 9. Be3 Qf6 10. 0-0-0+ Nd7 11. Qh3 e6 12. Bxe6 Ke8 13. Bxd7+ Kf7 14. Ne4 Qe5 15. Ng5+ Kg6 16. f4 Qa5 17. f5+ Kf6 18. Ne4+ Kf7 19. Qh5+ g6 20. fxg6+ hxg6 21. Qxa5 1-0

[Event "Buenos Aires La Porta Cup"]
[Site "Buenos Aires"]
[Date "2019.03.27"]
[Round "7"]
[White "Geslin, Ezequiel"]
[Black "Cuberli, Emiliano"]
[Result "1/2-1/2"]
[WhiteElo "2015"]
[BlackElo "2174"]
[PlyCount "105"]
[EventDate "2019.03.20"]
[EventType "swiss"]
[EventRounds "9"]
[EventCountry "ARG"]
[SourceTitle "CBM 189 Extra"]
[Source "ChessBase"]
[SourceDate "2019.06.03"]
[SourceVersion "1"]
[SourceVersionDate "2019.06.03"]
[SourceQuality "1"]

1. e4 c5 2. c3 d6 3. Nf3 Nf6 4. d3 g6 5. g3 Bg7 6. Bg2 0-0 7. 0-0 Nc6 8. Nbd2 Nd7 9. a4 a6 10. Nc4 Rb8 11. d4 b5 12. axb5 axb5 13. d5 Nce5 14. Nfxe5 Nxe5 15. Nxe5 Bxe5 16. Bh6 Re8 17. f4 Bf6 18. f5 b4 19. fxg6 hxg6 20. Qf3 bxc3 21. bxc3 Rb3 22. Rac1 Kh7 23. Bd2 Rf8 24. Qf4 Kg8 25. Qh6 Bg7 26. Qh4 e6 27. Qxd8 Rxd8 28. Rb1 Rxb1 29. Rxb1 exd5 30. exd5 Bf5 31. Rb6 Be5 32. Bf4 Bxc3 33. Bxd6 Bd4+ 34. Kf1 c4 35. Rb8 Rxb8 36. Bxb8 c3 37. Bf4 c2 38. Bc1 Bd3+ 39. Ke1 Bc3+ 40. Kf2 Bg7 41. d6 Bd4+ 42. Ke1 Bc3+ 43. Kf2 Bb4 44. Ke3 Bb5 45. Be4 Ba4 46. d7 Bc5+ 47. Kd2 Bxd7 48. Bxc2 Bg1 49. Ke2 Bxh2 50. Kf2 Bc6 51. Be3 f5 52. Bd1 Kf7 53. Bf3 1/2-1/2

[Event "San Luis Betania op 3rd"]
[Site "San Luis"]
[Date "2019.02.02"]
[Round "3"]
[White "Cuberli, Emiliano"]
[Black "Basualto Penalieres, Pedro Jaime"]
[Result "0-1"]
[WhiteElo "2174"]
[BlackElo "2109"]
[PlyCount "62"]
[EventDate "2019.02.01"]
[EventType "swiss"]
[EventRounds "6"]
[EventCountry "ARG"]
[SourceTitle "EXT 2020"]
[Source "ChessBase"]
[SourceDate "2019.10.17"]
[SourceVersion "1"]
[SourceVersionDate "2019.10.17"]
[SourceQuality "1"]

1. Nf3 d5 2. g3 Nc6 3. d4 g6 4. Bg2 Bg7 5. 0-0 e6 6. c4 dxc4 7. Qa4 Nge7 8. Rd1 0-0 9. Qxc4 e5 10. d5 Nd4 11. Nxd4 exd4 12. Bf4 c6 13. dxc6 Nxc6 14. Nc3 g5 15. Bxc6 gxf4 16. Bf3 Be6 17. Qb5 Qe7 18. Ne4 fxg3 19. Nxg3 Rac8 20. Rac1 b6 21. Qh5 Rc5 22. Rxc5 Qxc5 23. Qh4 Rc8 24. Nh5 Be5 25. b4 Qc2 26. e3 Qf5 27. Bb7 Qg4+ 28. Qxg4+ Bxg4 29. Bxc8 Bxd1 30. exd4 Bxd4 31. Nf4 Bf3 0-1

[Event "San Luis Betania op 3rd"]
[Site "San Luis"]
[Date "2019.02.01"]
[Round "1"]
[White "Cuberli, Emiliano"]
[Black "Gomez Reyes, Solana"]
[Result "1-0"]
[WhiteElo "2174"]
[BlackElo "1752"]
[PlyCount "121"]
[EventDate "2019.02.01"]
[EventType "swiss"]
[EventRounds "6"]
[EventCountry "ARG"]
[SourceTitle "EXT 2020"]
[Source "ChessBase"]
[SourceDate "2019.10.17"]
[SourceVersion "1"]
[SourceVersionDate "2019.10.17"]
[SourceQuality "1"]

1. e4 c5 2. Nf3 Nc6 3. d4 cxd4 4. Nxd4 g6 5. Nc3 Bg7 6. Be3 Nf6 7. Bc4 0-0 8. 0-0 d6 9. h3 Bd7 10. Bb3 Qa5 11. f4 Rfc8 12. Nf3 Qh5 13. Ng5 Rf8 14. f5 Qxd1 15. Raxd1 Na5 16. fxg6 hxg6 17. Bd5 Nxd5 18. Nxd5 Nc6 19. c3 b5 20. Rf2 Be6 21. Nc7 Rac8 22. Ncxe6 fxe6 23. Nxe6 Rxf2 24. Bxf2 Bf6 25. Nf4 Kf7 26. Nd5 Be5 27. Rd3 e6 28. Rf3+ Kg7 29. Ne3 Rf8 30. Rxf8 Kxf8 31. Nc2 a5 32. Nd4 Nxd4 33. cxd4 Bf4 34. Kf1 a4 35. Ke2 Ke7 36. Kf3 Bc1 37. b3 d5 38. exd5 exd5 39. Be3 Bb2 40. Kf4 Kf6 41. h4 Ba3 42. Kg4 Bb2 43. h5 gxh5+ 44. Kxh5 Kf5 45. g4+ Ke4 46. Bg1 axb3 47. axb3 Bxd4 48. Bxd4 Kxd4 49. g5 b4 50. g6 Kc3 51. g7 Kxb3 52. g8Q Kc4 53. Qc8+ Kd3 54. Qb7 Kc4 55. Qc6+ Kd4 56. Qb5 Kc3 57. Qc5+ Kb3 58. Qxd5+ Kc3 59. Qc5+ Kb3 60. Kg4 Ka3 61. Kf3 1-0

[Event "ARG-chT"]
[Site "Villa Martelli"]
[Date "2018.08.04"]
[Round "5.3"]
[White "Filgueira, Hernan"]
[Black "Cuberli, Emiliano"]
[Result "0-1"]
[WhiteElo "2306"]
[BlackElo "2224"]
[PlyCount "48"]
[EventDate "2018.07.07"]
[EventType "team-swiss"]
[EventRounds "9"]
[EventCountry "ARG"]
[SourceTitle "CBM 187 Extra"]
[Source "ChessBase"]
[SourceDate "2018.11.04"]
[SourceVersion "1"]
[SourceVersionDate "2018.11.04"]
[SourceQuality "1"]
[WhiteTeam "Club Argentino"]
[BlackTeam "Tres de Febrero Ajedrez"]
[WhiteTeamCountry "ARG"]
[BlackTeamCountry "ARG"]

1. d4 f5 2. c4 Nf6 3. Nc3 g6 4. h4 Bg7 5. h5 Nxh5 6. Rxh5 gxh5 7. e4 0-0 8. e5 d6 9. f4 c5 10. d5 dxe5 11. fxe5 Bxe5 12. Bh6 Bg3+ 13. Kd2 Qb6 14. Qxh5 Rf7 15. Kc2 Qg6 16. Qxg6+ hxg6 17. Nf3 Rh7 18. Bg5 Na6 19. a3 Bd7 20. Bd3 Nc7 21. Ne2 Bd6 22. Nf4 e5 23. dxe6 Bxf4 24. Bxf4 Nxe6 0-1

[Event "ARG-ch sf 93rd"]
[Site "Buenos Aires"]
[Date "2018.05.26"]
[Round "8"]
[White "Villca, Julian"]
[Black "Cuberli, Emiliano"]
[Result "1-0"]
[WhiteElo "2312"]
[BlackElo "2236"]
[PlyCount "67"]
[EventDate "2018.05.19"]
[EventType "swiss"]
[EventRounds "9"]
[EventCountry "ARG"]
[SourceTitle "CBM 184 Extra"]
[Source "ChessBase"]
[SourceDate "2018.06.28"]
[SourceVersion "1"]
[SourceVersionDate "2018.06.28"]
[SourceQuality "1"]

1. c4 Nf6 2. g3 g6 3. Bg2 Bg7 4. Nc3 d6 5. e3 0-0 6. Nge2 e5 7. 0-0 Nbd7 8. d4 Re8 9. Qc2 h5 10. b3 h4 11. dxe5 Nxe5 12. Bb2 hxg3 13. Nxg3 Nfg4 14. h3 Nh6 15. f4 Neg4 16. hxg4 Nxg4 17. Rf3 Nxe3 18. Rxe3 Rxe3 19. Nce4 Bf5 20. Nxf5 gxf5 21. Bxg7 Kxg7 22. Qb2+ f6 23. Nc3 Qe8 24. Nd5 Re1+ 25. Kf2 Rxa1 26. Qxf6+ Kh7 27. Qxa1 Qd8 28. Qh1+ Kg6 29. Bf3 c6 30. Qh5+ Kg7 31. Ne3 Qf6 32. Nxf5+ Kf8 33. Qg5 Qb2+ 34. Kg3 1-0

[Event "ARG-ch 92nd"]
[Site "Buenos Aires"]
[Date "2017.10.23"]
[Round "12"]
[White "Sosa, Tomas Sebastian"]
[Black "Cuberli, Emiliano"]
[Result "1-0"]
[WhiteElo "2466"]
[BlackElo "2248"]
[PlyCount "85"]
[EventDate "2017.10.12"]
[EventType "tourn"]
[EventRounds "13"]
[EventCountry "ARG"]
[EventCategory "10"]
[SourceTitle "CBM 181 Extra"]
[Source "ChessBase"]
[SourceDate "2017.12.12"]
[SourceVersion "1"]
[SourceVersionDate "2017.12.12"]
[SourceQuality "1"]

1. e4 e5 2. Nf3 Nc6 3. Bb5 a6 4. Ba4 Nf6 5. 0-0 Be7 6. d3 b5 7. Bb3 0-0 8. a4 Bb7 9. Re1 d6 10. Nbd2 Nd4 11. Ba2 Nd7 12. Nf1 Nxf3+ 13. Qxf3 Bg5 14. Be3 bxa4 15. Qg4 Bf4 16. Bxf4 exf4 17. Qxf4 Bc6 18. Qd2 Qf6 19. d4 Rfe8 20. Ng3 Rab8 21. c3 Rb6 22. f4 Qd8 23. Re2 Bb5 24. c4 Bc6 25. Rf1 Ba8 26. Qc3 Qh4 27. Rf3 c5 28. d5 g6 29. Qa5 Rb4 30. Qxa6 Nb6 31. e5 dxe5 32. Ne4 exf4 33. Qa7 Kg7 34. Qc7 Nxd5 35. Qxc5 Nf6 36. Qxb4 Bxe4 37. Rf1 f3 38. gxf3 Bxf3 39. Rxe8 Qg4+ 40. Kf2 Qg2+ 41. Ke1 Nxe8 42. Qc3+ Nf6 43. Rxf3 1-0

[Event "ARG-ch 92nd"]
[Site "Buenos Aires"]
[Date "2017.10.22"]
[Round "11"]
[White "Cuberli, Emiliano"]
[Black "Flores, Diego"]
[Result "0-1"]
[WhiteElo "2248"]
[BlackElo "2574"]
[PlyCount "54"]
[EventDate "2017.10.12"]
[EventType "tourn"]
[EventRounds "13"]
[EventCountry "ARG"]
[EventCategory "10"]
[SourceTitle "CBM 181 Extra"]
[Source "ChessBase"]
[SourceDate "2017.12.12"]
[SourceVersion "1"]
[SourceVersionDate "2017.12.12"]
[SourceQuality "1"]

1. c4 c5 2. Nf3 g6 3. g3 Bg7 4. Bg2 Nc6 5. 0-0 e6 6. e3 Nge7 7. d4 0-0 8. d5 Na5 9. Nfd2 Rb8 10. Na3 exd5 11. cxd5 b5 12. Rb1 b4 13. Nac4 Ba6 14. b3 Nc8 15. Qc2 Nxc4 16. Nxc4 Nb6 17. Rd1 Bxc4 18. bxc4 d6 19. h4 Re8 20. h5 Qd7 21. Bf3 Nxc4 22. hxg6 hxg6 23. Qxc4 Qf5 24. Kg2 Qxb1 25. e4 b3 26. axb3 Qxb3 27. Qa6 Qb6 0-1

[Event "ARG-ch 92nd"]
[Site "Buenos Aires"]
[Date "2017.10.14"]
[Round "3"]
[White "Villanueva, Mario Nicolas"]
[Black "Cuberli, Emiliano"]
[Result "1-0"]
[WhiteElo "2451"]
[BlackElo "2248"]
[PlyCount "43"]
[EventDate "2017.10.12"]
[EventType "tourn"]
[EventRounds "13"]
[EventCountry "ARG"]
[EventCategory "10"]
[SourceTitle "CBM 181 Extra"]
[Source "ChessBase"]
[SourceDate "2017.12.12"]
[SourceVersion "1"]
[SourceVersionDate "2017.12.12"]
[SourceQuality "1"]

1. e4 c5 2. Nf3 a6 3. Nc3 d6 4. d4 cxd4 5. Nxd4 Nf6 6. Bg5 Nbd7 7. Qe2 h6 8. Bh4 g6 9. f4 e5 10. fxe5 dxe5 11. 0-0-0 Be7 12. Nf3 Qa5 13. Qc4 0-0 14. Nd5 Bd8 15. Be1 Qb5 16. Qxb5 axb5 17. Nxf6+ Bxf6 18. Bb4 Rxa2 19. Bxf8 Nxf8 20. Bxb5 Ra1+ 21. Kd2 Ra5 22. c4 1-0

[Event "ARG-ch sf 92nd"]
[Site "Buenos Aires"]
[Date "2017.07.16"]
[Round "8.1"]
[White "Sosa, Tomas Sebastian"]
[Black "Cuberli, Emiliano"]
[Result "1/2-1/2"]
[WhiteElo "2465"]
[BlackElo "2181"]
[PlyCount "110"]
[EventDate "2017.07.10"]
[EventType "swiss"]
[EventRounds "9"]
[EventCountry "ARG"]
[SourceTitle "EXT 2018"]
[Source "ChessBase"]
[SourceDate "2017.10.13"]
[SourceVersion "1"]
[SourceVersionDate "2017.10.13"]
[SourceQuality "1"]

1. e4 c5 2. Nf3 a6 3. c3 d5 4. exd5 Qxd5 5. d4 e6 6. Be2 Nf6 7. 0-0 Nc6 8. Be3 cxd4 9. Nxd4 Nxd4 10. Qxd4 Qxd4 11. Bxd4 Bd7 12. Nd2 Be7 13. Nc4 Bb5 14. a4 Bxc4 15. Bxc4 Rc8 16. Be2 Bc5 17. Be5 a5 18. Bf3 b6 19. Rfb1 Ke7 20. b4 axb4 21. cxb4 Bd6 22. Bd4 Rc4 23. Bxb6 Rxb4 24. Rxb4 Bxb4 25. Rb1 Rc8 26. Bb7 Rc2 27. a5 Ra2 28. a6 Nd7 29. Bd4 Bc5 30. Ra1 Rxa1+ 31. Bxa1 f6 32. g4 e5 33. Bc3 Nb8 34. Kg2 Kd6 35. Ba5 Nc6 36. Bd2 Kc7 37. Kf3 Nd4+ 38. Ke4 Nb3 39. Be3 Bxe3 40. fxe3 Nc5+ 41. Kd5 Kb6 42. Bc8 Nxa6 43. Ke6 Nc7+ 44. Kf7 Nd5 45. e4 Nc3 46. Kxg7 Nxe4 47. Bf5 Nf2 48. Kxh7 e4 49. Kg6 Kc5 50. Bxe4 Nxe4 51. Kf5 Kd4 52. h4 Ke3 53. h5 Kf3 54. h6 Ng5 55. Kxf6 Kxg4 1/2-1/2

[Event "ARG-ch sf 92nd"]
[Site "Buenos Aires"]
[Date "2017.07.15"]
[Round "6"]
[White "Cuberli, Emiliano"]
[Black "Darcyl, Tomas"]
[Result "1-0"]
[WhiteElo "2181"]
[BlackElo "2392"]
[PlyCount "63"]
[EventDate "2017.07.10"]
[EventType "swiss"]
[EventRounds "9"]
[EventCountry "ARG"]
[SourceTitle "EXT 2018"]
[Source "ChessBase"]
[SourceDate "2017.10.13"]
[SourceVersion "1"]
[SourceVersionDate "2017.10.13"]
[SourceQuality "1"]

1. e4 c5 2. Nf3 d6 3. d4 Nf6 4. Nc3 cxd4 5. Nxd4 a6 6. Bg5 e6 7. Qe2 Nbd7 8. 0-0-0 Be7 9. f4 Qc7 10. g4 h6 11. Bh4 g5 12. fxg5 Nh7 13. Bg3 hxg5 14. Nf5 Ne5 15. Nxe7 Kxe7 16. h4 Bd7 17. Qd2 f6 18. Be2 Rag8 19. Rdf1 Ng6 20. e5 dxe5 21. Ne4 Bc6 22. Qb4+ Kd8 23. Bf2 Kc8 24. Bb6 Qd7 25. Bc5 Qc7 26. Bd6 Qd7 27. Qc5 Nf4 28. Rxf4 gxf4 29. Rd1 Kd8 30. Be7+ Ke8 31. Rxd7 Bxd7 32. g5 1-0

[Event "Buenos Aires La Porta Cup-A"]
[Site "Buenos Aires"]
[Date "2017.03.26"]
[Round "4"]
[White "Pierrot, Juan Facundo"]
[Black "Cuberli, Emiliano"]
[Result "1/2-1/2"]
[WhiteElo "2392"]
[BlackElo "2162"]
[PlyCount "111"]
[EventDate "2017.03.25"]
[EventType "swiss"]
[EventRounds "9"]
[EventCountry "ARG"]
[SourceTitle "CBM 177 Extra"]
[Source "ChessBase"]
[SourceDate "2017.04.27"]
[SourceVersion "1"]
[SourceVersionDate "2017.04.27"]
[SourceQuality "1"]

1. e4 e5 2. Nf3 Nc6 3. Bb5 a6 4. Ba4 Nf6 5. 0-0 Be7 6. Re1 b5 7. Bb3 0-0 8. d3 d6 9. c3 Na5 10. Bc2 c5 11. Nbd2 Re8 12. Nf1 Bf8 13. Ng3 Nc6 14. h3 h6 15. d4 cxd4 16. cxd4 Bd7 17. Be3 Rc8 18. Rc1 Nb4 19. Bb1 Rxc1 20. Qxc1 a5 21. Rd1 Qb8 22. a3 Na6 23. dxe5 dxe5 24. Nh5 Nxh5 25. Rxd7 Nf6 26. Rd2 Qb7 27. Re2 b4 28. a4 b3 29. Qc4 Nc5 30. Re1 Ncxe4 31. Bxe4 Qxe4 32. Qxb3 Qb4 33. Qxb4 Bxb4 34. Rd1 e4 35. Nd4 Nd5 36. Nc6 Nxe3 37. fxe3 Bc5 38. Kf2 Rc8 39. Rd8+ Rxd8 40. Nxd8 f5 41. Ke2 Bb6 42. Nc6 Kf7 43. b4 axb4 44. Nxb4 Ke6 45. Nc6 Kd6 46. Nb4 Kc5 47. Nc2 Kc4 48. g4 g6 49. gxf5 gxf5 50. Na3+ Kb4 51. Nb5 Bc5 52. Nc7 Kxa4 53. Ne6 Bd6 54. Ng7 f4 55. exf4 Bxf4 56. Ne6 1/2-1/2

[Event "ARG-ch sf"]
[Site "Vicente Lopez"]
[Date "2016.06.26"]
[Round "3"]
[White "Cuberli, Emiliano"]
[Black "Perez, Maximiliano"]
[Result "0-1"]
[WhiteElo "2176"]
[BlackElo "2428"]
[PlyCount "76"]
[EventDate "2016.06.25"]
[EventType "swiss"]
[EventRounds "9"]
[EventCountry "ARG"]
[SourceTitle "CBM 173 Extra"]
[Source "ChessBase"]
[SourceDate "2016.08.29"]
[SourceVersion "1"]
[SourceVersionDate "2016.08.29"]
[SourceQuality "1"]

1. Nf3 Nf6 2. g3 g6 3. b4 Bg7 4. Bb2 0-0 5. Bg2 d6 6. 0-0 e5 7. d3 Nh5 8. Nfd2 f5 9. c4 Nc6 10. b5 Ne7 11. Nc3 f4 12. Nde4 Kh8 13. Nd5 Bf5 14. Nxe7 Qxe7 15. Nc3 Rab8 16. Nd5 Qd7 17. a4 Rf7 18. Ra3 Bh3 19. d4 Bxg2 20. Kxg2 c6 21. Nb4 e4 22. gxf4 Nxf4+ 23. Kh1 Rbf8 24. Bc1 Nh3 25. f3 g5 26. Qc2 exf3 27. Raxf3 g4 28. Rxf7 Rxf7 29. Kg2 Rxf1 30. Kxf1 Qf7+ 31. Ke1 Qf2+ 32. Kd2 Qxd4+ 33. Qd3 cxb5 34. axb5 h5 35. Qxd4 Bxd4 36. Nc6 bxc6 37. bxc6 Bb6 38. Ke1 a5 0-1